El Tratamiento preferencial a Bolivia y Ecuador en la ALALC. Análisis crítico y evaluación de resultados /

Salvato in:
Dettagli Bibliografici
Enti autori: BID, INTAL
Natura: testo
Pubblicazione: Buenos Aires: BID
Tags: Aggiungi Tag
Nessun Tag, puoi essere il primo ad aggiungerne!!

MARC

LEADER 00000 a a2200000 04500
001 23422
003
040
090 |a 162800  
110 |a BID  
245 |a El Tratamiento preferencial a Bolivia y Ecuador en la ALALC. Análisis crítico y evaluación de resultados /  |c BID  
260 |a Buenos Aires:   |b BID  
300 |a vi, 118 p.  
710 |a INTAL  
999 |c 10098  |d 10098